• 首页
  • 本馆介绍
  • 公告通知
  • 最新文献
  • 馆藏检索
  • 电子资源
  • 读者导购
  • 参考咨询
  • 我的图书馆
  • 登录
  • 详细信息显示
  • 放入我的书架
  • 预约/预借图书
  • 作者相关作品
  • 分类相关作品
  • 丛书相关作品
  • 出版社相关作品

书目信息

  • 表格格式
  • 工作单格式
  • 卡片格式
题名:
华夏之根·大运之城
    
 
作者: 王兆福 , 秦建华 著
分册:  
出版信息: 太原   山西人民出版社  2016
页数: 207页
开本: 21cm
丛书名:
单 册:
中图分类: I277.225
科图分类:
主题词: 民间歌谣--min jian ge yao--作品集--山西
电子资源:
ISBN: 978-7-203-09477-7
000 00843nam0 22002531 450
001 0120082104
005 20170320082104.0
010    @a978-7-203-09477-7@dCNY28.00
100    @a20160520d2016 em y0chiy50 ea
101 0  @achi
102    @aCN@b140000
105    @aa z 000yy
106    @ar
200 1  @a华夏之根·大运之城@9hua xia zhi gen da yun zhi cheng@e河东文化歌谣百首@f王兆福,秦建华著
210    @a太原@c山西人民出版社@d2016
215    @a207页@c图,照片@d21cm
300    @a山西省高等学校哲学社会科学研究项目资助
517 1  @a河东文化歌谣百首@9he dong wen hua ge yao bai shou
606 0  @a民间歌谣@9min jian ge yao@x作品集@y山西
690    @aI277.225@v5
701  0 @a王兆福@9wang zhao fu@f(1958~)@4著
701  0 @a秦建华@9qin jian hua@f(1960~)@4著
801  0 @aCN@bTANGWEI@c20170308
905    @b0955924-7@dI277.225@e198@f4
    
    华夏之根·大运之城:河东文化歌谣百首/王兆福,秦建华著.-太原:山西人民出版社,2016
    207页:图,照片;21cm
    山西省高等学校哲学社会科学研究项目资助
    
    ISBN 978-7-203-09477-7:CNY28.00
    
●
相关链接 在E读中查询图书 在五车中查询图书 在当当中查询图书 在豆瓣中查询图书


正题名:华夏之根·大运之城     索取号:I277.225/198         预约/预借

序号 登录号 条形码 馆藏地/架位号 状态 备注
1 0955924   209559244   第一样本阅览室/ [索取号:I277.225/198] 在馆    
2 0955925   209559253   第二借阅区/ [索取号:I277.225/198] 在馆    
3 0955926   209559262   第二借阅区/ [索取号:I277.225/198] 在馆    
4 0955927   209559271   第二借阅区/ [索取号:I277.225/198] 在馆    
唐山师范学院图书馆 欢迎您!
大连网信软件有限公司© 版权所有